Lun Fa jia he Ru Fa dou zheng /

Saved in:
Bibliographic Details
Corporate Author: Ren min chu ban she. Bian ji bu.
Format: Book
Language:Chinese
Published: Beijing : Ren min chu ban she, 1974.
Edition:Di 1 ban.
Subjects:
Tags: Add Tag
No Tags, Be the first to tag this record!
LEADER 00879cam a2200253 a 4500
001 007725635-2
005 20024617110316.0
008 931220s1974 cc 000 0 chi d
035 0 |a ocm29587750 
040 |a NhD  |c NhD  |d CLU  |d CLSU  |d *YNH*  |d CStRLIN 
043 |a a-cc--- 
245 0 0 |6 880-01  |a Lun Fa jia he Ru Fa dou zheng /  |c [Ren min chu ban she bian ji bu bian] 
250 |6 880-02  |a Di 1 ban. 
260 |6 880-03  |a Beijing :  |b Ren min chu ban she,  |c 1974. 
300 |a 2, 315 p. ;  |c 21 cm. 
650 0 |a Legalism (Chinese philosophy) 
650 0 |a Philosophy, Confucian. 
710 2 |6 880-04  |a Ren min chu ban she.  |b Bian ji bu. 
880 0 0 |6 245-01  |a 论法家和儒法斗争 /  |c [人民出版社编辑部编] 
880 |6 250-02  |a 第1版. 
880 |6 260-03  |a 北京 :  |b 人民出版社,  |c 1974. 
880 2 |6 710-04  |a 人民出版社.  |b 编辑部. 
988 |a 20021105 
906 |0 OCLC